| 000 | 01051cam a2200229 4500 | ||
|---|---|---|---|
| 001 | ABS65835 | ||
| 008 | 020819n2002 000 0 eng u | ||
| 035 | _a(Sirsi) u119390 | ||
| 100 | _aBaker, C. | ||
| 245 | _aQuestion time | ||
| 260 | _c2002 | ||
| 490 |
_aHousing Today _v 25 July 2002, 16-17(2) |
||
| 520 | _aThe Deputy Prime Minister, John Prescott, has announced the need for 200 000 homes to ease the housing crisis in his speech on how the money promised for housing in the spending review would be spent. Not guaranteed and not neccessarily all affordable, the houses may be built in certain areas considered able to support the new housing. Asks questions on certain aspects: can the designated areas cope, how far will the money go, will developers co-operate, who will manage the homes and which agency will be in charge? | ||
| 590 | _aABS | ||
| 650 | _aHOUSING CRISIS | ||
| 650 | _aHOUSE BUILDING | ||
| 650 | _aHOUSING DEVELOPMENTS | ||
| 650 | _aNEW HOMES | ||
| 650 | _aGOVERNMENT POLICY | ||
| 690 | _aHOUSING | ||
| 942 | _n0 | ||
| 999 |
_c70974 _d70974 |
||